War of Necessity: A Memoir of two.........\ (Record no. 533568)
[ view plain ]
| 000 -LEADER | |
|---|---|
| fixed length control field | 00250nam a22001097a 4500 |
| 040 ## - CATALOGING SOURCE | |
| Transcribing agency | dlc |
| 082 ## - DEWEY DECIMAL CLASSIFICATION NUMBER | |
| Classification number | 956.70443 |
| 100 ## - MAIN ENTRY--PERSONAL NAME | |
| Personal name | Richard N. Haass |
| 9 (RLIN) | 27514 |
| 245 ## - TITLE STATEMENT | |
| Title | War of Necessity: A Memoir of two.........\ |
| 300 ## - PHYSICAL DESCRIPTION | |
| Extent | 336p |
| 942 ## - ADDED ENTRY ELEMENTS (KOHA) | |
| Source of classification or shelving scheme | |
| Koha item type | Book |
| Withdrawn status | Lost status | Source of classification or shelving scheme | Damaged status | Not for loan | Permanent Location | Current Location | Date acquired | Total Checkouts | Full call number | Barcode | Date last seen | Price effective from | Koha item type |
|---|---|---|---|---|---|---|---|---|---|---|---|---|---|
| School of Civil and Environmental Engineering (SCEE) | School of Civil and Environmental Engineering (SCEE) | 01/13/2020 | 956.70443 | NIT-9179 | 01/13/2020 | 01/13/2020 | Book |
